000 04379nab a2200325 i 4500
003 BR-BrBNA
005 20251203102807.0
008 251203b2019 bl.|r|pooa||| 00| 0 eng |
040 _aBR-BrBNA
_beng
072 _aH20
_b0910
072 _aH01
_b4120
072 _aF30
100 _aIsaza, Liliana
100 _aZuluaga, Yenni Paola
100 _aMarulanda, Marta Leonor
245 _aMorphological, pathogenic and genetic diversity of Botrytis cinerea Pers. in blackberry cultivations in Colombia
500 _a Publicação online; 5 illus.; 2 tables; Summaries (En, Pt); Bibliography p. 12-15
520 _a Abstract- The Andean blackberry (Rubus glaucus Benth) is one of the most important fruits with the greatest commercial projection in Colombia. The factors that most affect its production are the attack of diseases and the scarce information about its control. One of the most limiting diseases of the crop is the gray mold, produced by the fungus Botrytis cinerea. This research presents the diversity of B. cinerea isolates from fields of andean blackberry in Colombia, based on the morphological, pathogenic and genetic characteristics allowing broadening the knowledge of the phytopathogen for subsequent management measures. Andean blackberry fruits were collected with characteristic symptoms of gray mold in farms located in eight producing areas of Colombian Andean region. A total of 50 samples were analyzed finding two types of growth, miceliar and sclerocial, differences in the layout and size of the sclerotia, as well as differences in the daily growth of the mycelium. Regarding genetic characterization with microsatellite markers, it was shown that genetic diversity is concentrated within populations and that there is a tendency to group by geographical origin. With the pathogenicity tests, the two most pathogenic isolates were selected and it was found that, although the four possible genotypes were found with the transposable elements (Vacuma, Transposa, Boty, Flipper), none of them presented high resistance to the fungicide fenhexamide. Index terms: Gray mold, Boty, Flipper, fungal resistance.
520 _a Resumo- A amora-preta (Rubus glaucus Benth) é uma das frutas mais importantes e com a maior projeção comercial da Colômbia. Os fatores que mais afetam sua produção são o ataque de doenças e a pouca informação sobre o seu controle. Uma das doenças mais limitantes no cultivo é o mofo cinzento, produzido pelo fungo Botrytis cinerea. Esta pesquisa apresenta a diversidade de isolados de B. cinerea presentes nas culturas de amora-preta na Colômbia, com base em características morfológicas, patogênicas e genéticas, permitindo ampliar o conhecimento do fitopatógeno para adotar medidas de manejo subsequentes. Frutos de amora-preta com sintomas característicos de mofo-cinza foram coletados em fazendas localizadas em oito departamentos produtores de amorapreta da região andina colombiana. Um total de 50 amostras foram analisadas, encontrando-se dois tipos de crescimento, micelial e esclerodial, diferenças na disposição e no tamanho dos escleródios, bem como diferenças no crescimento diário do micélio. Com relação à caracterização genética com marcadores microssatélites, demonstrou-se que a diversidade genética está concentrada no interior das populações e que há uma tendência de agrupar-se por origem geográfica. Com os testes de patogenicidade, os dois isolados mais patogênicos foram selecionados e ficou evidente que, embora os quatro genótipos possíveis tenham sido encontrados com os elementos transponíveis (Vacuma, Transposa, Boty, Flipper), nenhum deles apresentou alta resistência ao fungicida fenhexamida. Termos para indexação: Mofo cinzento, Boty, Flipper, resistência a fungos.
650 _aAMORA-PRETA
650 _aDOENÇA FÚNGICA
650 _aMOFO CINZENTO
650 _aVARIAÇÃO GENÉTICA
650 _aDEFESA VEGETAL
650 _aCOLÕMBIA
773 0 _0805
_9317043
_dJaboticabal-SP Sociedade Brasileira de Fruticultura 1978
_o2024-3605
_tRevista Brasileira de Fruticultura (Brazil)
_x0100-2945
_gv. 41(6) p. 1-15; (2019)
_wBR2025005158
856 _uhttps://www.scielo.br/j/rbf/a/f7NNRd5xpwrrTK6CFWqSskD/?format=pdf&lang=en
942 _cANA
999 _c339320
_d339320